Where good ideas come from : (Record no. 354074)

000 -LEADER
fixed length control field 02247nam a2200241 a 4500
001 - CONTROL NUMBER
control field ASIN0141033401
003 - CONTROL NUMBER IDENTIFIER
control field OSt
005 - DATE AND TIME OF LATEST TRANSACTION
control field 20180116192426.0
008 - FIXED-LENGTH DATA ELEMENTS--GENERAL INFORMATION
fixed length control field 150212s2011 xxu eng d
020 ## - INTERNATIONAL STANDARD BOOK NUMBER
International Standard Book Number 0141033401 (paperback)
Terms of availability $22.75
020 ## - INTERNATIONAL STANDARD BOOK NUMBER
International Standard Book Number 9780141033402 (paperback)
040 ## - CATALOGING SOURCE
Transcribing agency 0
050 04 - LIBRARY OF CONGRESS CALL NUMBER
Classification number BF408
082 04 - DEWEY DECIMAL CLASSIFICATION NUMBER
Classification number 153.35
100 1# - MAIN ENTRY--PERSONAL NAME
Personal name Johnson, Steven.
9 (RLIN) 8063
245 10 - TITLE STATEMENT
Title Where good ideas come from :
Remainder of title the seven patterns of innovation /
Statement of responsibility, etc. Steven Johnson.
260 ## - PUBLICATION, DISTRIBUTION, ETC.
Place of publication, distribution, etc. London :
Name of publisher, distributor, etc. Penguin Books,
Date of publication, distribution, etc. 2011.
300 3# - PHYSICAL DESCRIPTION
Extent 326 p. ;
Dimensions 20 cm.
520 ## - SUMMARY, ETC.
Summary, etc. From the author of "Emergence" and "The Ghost Map", Steven Johnson's "Where Good Ideas Come From: The Seven Patterns of Innovation" identifies key principles that are the driving force of creativity. Learn how: a slow hunch can be much more valuable than a Eureka moment; the connected 'hive mind' is smarter than the lone thinker; where you think matters just as much as what you're thinking; and, the best ideas come from building on the ideas and inventions of others. From the Renaissance to satellites, medical breakthroughs to social media, Charles Darwin to Marconi, Steven Johnson shows how, by recognising where and how patterns of creativity occur, we can all discover the secrets of inspiration. "Inspirational". ("Independent"). "Exhilarating...An entirely new way of looking at almost everything". ("Guardian"). "A huge diversity of bright ideas". ("Financial Times"). "Johnson finds new and original things to say about the nature of innovation, and the different forms it can take". ("Economist", Books of the Year). "An enthralling work full of counter-intuitive insights". ("Daily Mail"). Steven Johnson is the author of the acclaimed books "Everything Bad is Good for You", "Mind Wide Open", "Emergence" and "Interface Culture". His writing appeared in the "Guardian", the "New Yorker", "Nation" and "Harper's", as well as the op-ed pages of "The New York Times" and the "Wall Street Journal". He is a Distinguished Writer In Residence at NYU's School Of Journalism, and a Contributing Editor to "Wired".
650 #0 - SUBJECT ADDED ENTRY--TOPICAL TERM
Topical term or geographic name entry element Creative thinking
9 (RLIN) 8064
856 40 - ELECTRONIC LOCATION AND ACCESS
Materials specified Amazon.com
Uniform Resource Identifier <a href="http://www.amazon.com/exec/obidos/ASIN/0141033401/chopaconline-20">http://www.amazon.com/exec/obidos/ASIN/0141033401/chopaconline-20</a>
942 ## - ADDED ENTRY ELEMENTS (KOHA)
Source of classification or shelving scheme
Koha item type Book
Holdings
Withdrawn status Lost status Source of classification or shelving scheme Damaged status Not for loan Permanent Location Current Location Date acquired Total Checkouts Total Renewals Full call number Barcode Date last seen Date last checked out Copy number Cost, replacement price Price effective from Koha item type
          School of Art Design and Architecture (SADA) School of Art Design and Architecture (SADA) 02/13/2015 3 2 153.35 JOH 2011 SADA0002461 10/09/2024 10/03/2024 01 1387.88 02/13/2015 Book
© 2023 Central Library, National University of Sciences and Technology. All Rights Reserved.